PRODUCTION TECHNOLOGY OF FRUIT AND PLANTATION CROPS (Record no. 9067)

MARC details
000 -LEADER
fixed length control field 00503nam a22001697a 4500
005 - DATE AND TIME OF LATEST TRANSACTION
control field 20260312113914.0
008 - FIXED-LENGTH DATA ELEMENTS--GENERAL INFORMATION
fixed length control field 260309b |||||||| |||| 00| 0 eng d
020 ## - INTERNATIONAL STANDARD BOOK NUMBER
ISBN 978-93-87590-17-5
041 ## - LANGUAGE CODE
Language code of text/sound track or separate title eng
082 ## - DEWEY DECIMAL CLASSIFICATION NUMBER
Classification number 634 KAV-P
100 ## - MAIN ENTRY--AUTHOR NAME
Personal name KAVINO, M . JEGADEESWARI, V. AND VIJAYAKUMAR, R.M. & BALAKRISHNAN, S.
245 ## - TITLE STATEMENT
Title PRODUCTION TECHNOLOGY OF FRUIT AND PLANTATION CROPS
260 ## - PUBLICATION, DISTRIBUTION, ETC. (IMPRINT)
Place of publication NEW DELHI
Name of publisher JAYA PUBLISHING HOUSE
Year of publication 2019
300 ## - PHYSICAL DESCRIPTION
Number of Pages 443;P
650 ## - SUBJECT ADDED ENTRY--TOPICAL TERM
Topical Term AGRICULTURE
942 ## - ADDED ENTRY ELEMENTS (KOHA)
Koha item type Books
Holdings
Lost status Damaged status Collection code Home library Current library Shelving location Date acquired Source of acquisition Cost, normal purchase price Serial Enumeration / chronology Full call number Accession Number Koha item type
    AGRICULTURE JRU Library JRU Library NEW ARRIVAL SHELF 09/03/2026 PURCHASE 4295.00 LBI/000880 , DATE-6/03/2026 631.1 29321 Books